|
|
|
|
| LEADER |
00000nam0a2200000 4500 |
| 001 |
117399 |
| 005 |
20231031123739.0 |
| 035 |
|
|
|a (RuTPU)RU\TPU\book\127077
|
| 090 |
|
|
|a 117399
|
| 100 |
|
|
|a 20070601d1968 k y0rusy50 ca
|
| 101 |
0 |
|
|a rus
|
| 102 |
|
|
|a RU
|
| 105 |
|
|
|a a b 000zy
|
| 200 |
1 |
|
|a Каталог протяжных, фрезерно- и абразивно-отрезных станков и типовых наладок
|f Станкостроительный завод им. С. М. Кирова; сост. Е. А. Маркин, В. А. Свинцов
|
| 210 |
|
|
|a Минск
|c Полымя
|d 1968
|
| 215 |
|
|
|a 76 с.
|c ил.
|
| 333 |
|
|
|a Исключено из фонда НТБ ТПУ
|
| 702 |
|
1 |
|a Маркин
|b Е. А.
|4 220
|
| 702 |
|
1 |
|a Свинцов
|b В. А.
|4 220
|
| 712 |
0 |
2 |
|a Станкостроительный завод им. С. М. Кирова
|
| 801 |
|
1 |
|a RU
|b 63413507
|c 20070601
|g PSBO
|
| 801 |
|
2 |
|a RU
|b 63413507
|c 20220617
|g RCR
|
| 942 |
|
|
|c BK
|